| 000 | 00666 a2200181 4500 | ||
|---|---|---|---|
| 010 | _aENG-144702 | ||
| 020 | _c200.00 | ||
| 035 | _aEN-128234 | ||
| 037 | _bDBAD | ||
| 082 | 1 | 4 |
_a401.802 _2Volume 8 |
| 245 | 1 |
_aTranslation today : _cEdited By Awadesh Kumar Mishra, V. Saratchandran Nair _bNatioal Translation Mission / _hEnglish |
|
| 260 |
_aMysore _bAwadesh Kumar Mishra _c2014 |
||
| 270 |
_aCentral Institute Of Indian Languages ,Manasagangotri, Hunsur Road _bMysore _e570006 _mAwadeshkumar@ciil.stpmy.soft.net |
||
| 300 |
_a190 p _c21 cm (Pbk) |
||
| 490 | _v8 | ||
| 700 | 1 |
_aAwadesh Kumar Mishra _980809 |
|
| 942 |
_adpl _cEN _2ddc _h401.802 _mAWA |
||
| 999 |
_c211070 _d211070 |
||